000
00257nam a22000977a 4500
999
_c
6758
_d
6758
008
170614b xxu||||| |||| 00| 0 eng d
020
_a
9788190717267
100
_9
3397
_a
Nissar. K
245
_a
Click and learn computer - VIII
260
_a
New Delhi
_b
Pinnace
_c
2009